000 00657ngm a2200289 a 4500
003 OSt
005 20251020182659.0
008 240217s9999 xx 000 0 und d
040 _aPE SENCICO BE
040 _cPE SENCICO BE
041 _aspa
082 _aJ001
245 0 _aEL GPS como instrumento geodésico /
245 0 _cUniversity of Mane
260 _aNueva York
260 _bUniversity of Mane
260 _c1999
300 _a1 VIDEO
300 _bson., Col.
300 _c2 hras.
490 _aINFORMACION GEOGRAFICA
511 _aLeick, Alfred
650 _aGPS
651 _aEE.UU.
910 _aila.
942 _cVID
_2ddc
999 _c4779
_d4779